| 000 | 00571nam a2200229Ia 4500 | ||
|---|---|---|---|
| 003 | OSt | ||
| 005 | 20220924143949.0 | ||
| 006 | a|||||r|||| 00| 0 | ||
| 007 | ta | ||
| 008 | 220923b |||||||| |||| 00| 0 urd d | ||
| 024 | _a311404 | ||
| 037 | _cTextual | ||
| 040 |
_aARTS _cARTS _burd |
||
| 041 |
_2urd _aurd |
||
| 082 | _aO168,1(Q7)x, M2 | ||
| 100 |
_aBadayuni Raunaq _9216929 |
||
| 245 | 0 | _aGulhaye-aqeedat | |
| 260 | _c1982 | ||
| 650 | _aURDU POETRY | ||
| 942 |
_hO168,1(Q7)x, M2 _cTEXL _2CC |
||
| 999 |
_c455927 _d455927 |
||